00802nam a2200217 a 450000100060000000300090000600800410001502000150005604000280007108200180009910000320011724500960014926000370024530000110028259000470029365000280034065000340036894200120040299900170041495201530043119700CO-ViMGA141112s2004 ck r 000 u spa d a8480195908 aCO-ViMGAbspacCO-ViMGA04a796.077 B672q1 aBoschetti, Gianpaolo92851610aQue es la electroestimulación? : bteoría, práctica y metodología del entrenamiento aBarcelona : bPaidotribo, c2002 a266 p. aForma de adquisición : Premio Mincultura14aENTRENAMIENTO DEPORTIVO14aESTIMULACION ELECTRICA928517 2ddccBK c28835d28835 00102ddc40708003aMEVIECARbMEVIECARd2015-12-04hVolumen. 1 | 11/jun/2009l0o796.077 B672q p19700r2015-12-04 00:00:00tEj. 1w2015-12-04yBK